000 00335nam a22001457a 4500
008 221005b ||||| |||| 00| 0 eng d
020 _a9780495603007
041 _aeng
080 _2tenth edition
_a159.9
082 _a159.9 KAL
100 _a24.1
101 _aPSI
245 _aBIOLOGICAL PSYCHOLOGY
_cKALAT.J.M
942 _2udc
_cBK
999 _c58359
_d58359